Návrh Verilog-A modelu pre kapacitný MEMS mikrofón

Gespeichert in:
Bibliographische Detailangaben
1. Verfasser: Matuška, Michal (Verfasst von)
Weitere Verfasser: Arbet, Daniel (Betreuung Doktorarbeit)
Format: Manuskript Buch
Sprache:Slowakisch
Veröffentlicht: 2016
Schlagworte:
Online-Zugang:http://is.stuba.sk/zp/portal_zp.pl?podrobnosti=131036
Tags: Tag hinzufügen
Keine Tags, Fügen Sie das erste Tag hinzu!

MARC

LEADER 00000ntm a22000003a 4500
001 stuzp51859
003 SK-STU
005 20160721131023.2
007 ta
008 150427s2015----xo-----f-mn---000-0-slo-d
040 |a STU  |b slo 
041 0 |a slo 
044 |a xo 
100 1 |a Matuška, Michal  |u 033000  |k Z4  |4 aut  |U FEI Fakulta elektrotechniky a informatiky  |T FEI Ústav elektroniky a fotoniky  |X 8519  |U E030  |Y 549  |7 A000008519 
242 0 1 |a Design of Verilog-A model for capacitive MEMS  |y eng 
245 1 0 |a Návrh Verilog-A modelu pre kapacitný MEMS mikrofón 
260 |c 2016 
300 |a 82 s.,  |b CD-ROM 
650 4 |a Verilog-A  |2 slo 
650 4 |a PSPICE  |2 slo 
650 4 |a MEMS  |2 slo 
650 4 |a CMOS predzosilňovač  |2 slo 
650 4 |a MEMS  |2 eng 
650 4 |a PSPICE  |2 eng 
650 4 |a Verilog-A  |2 eng 
650 4 |a CMOS preamplifier  |2 eng 
700 1 |a Arbet, Daniel  |u 033000  |k Z2  |4 ths  |U FEI Fakulta elektrotechniky a informatiky  |T FEI Ústav elektroniky a fotoniky  |X 11597  |U E030  |Y 549  |7 A000011597 
856 4 |u http://is.stuba.sk/zp/portal_zp.pl?podrobnosti=131036 
996 |b 284EP11357  |c E*DIPL- 11357  |l EE33  |s P  |a 0  |w stuzp51859_0001 
SQL |a stuzp51859  |b DDP  |c SLO  |d Návrh Verilog-A modelu pre kapacitný MEMS mikrofón  |e 8519  |f Matuška, Michal  |g 033000  |h 11597  |i Arbet, Daniel  |j 20160614  |k 1172  |l 03  |m http://is.stuba.sk/zp/portal_zp.pl?podrobnosti=131036  |n I-EN  |o 5.2.13. elektronika